Consumer behaviour (Record no. 396937)

MARC details
000 -LEADER
fixed length control field 00313 a2200133 4500
000 - LEADER
fixed length control field nam a22 7a 4500
100 ## - MAIN ENTRY--PERSONAL NAME
Personal name Schiffan, Leon G.
110 ## - MAIN ENTRY--CORPORATE NAME
Corporate name or jurisdiction name as entry element Schiffan, Leon G.
245 ## - TITLE STATEMENT
Title Consumer behaviour
250 ## - EDITION STATEMENT
Edition statement 12th/Latest edition
260 ## - PUBLICATION, DISTRIBUTION, ETC.
Name of publisher, distributor, etc. Pearson India
264 ## - PRODUCTION, PUBLICATION, DISTRIBUTION, MANUFACTURE, AND COPYRIGHT NOTICE
Name of producer, publisher, distributor, manufacturer Pearson India
942 ## - ADDED ENTRY ELEMENTS (KOHA)
Koha item type Books
Holdings
Date last seen Total checkouts Barcode Cost, replacement price Price effective from Koha item type Lost status Source of classification or shelving scheme Damaged status Not for loan Withdrawn status Home library Current library Date acquired Source of acquisition Cost, normal purchase price
30/03/2026   421061 1070.00 30/03/2026 Books   Dewey Decimal Classification       VIVEKANANDA LIBRARY VIVEKANANDA LIBRARY 30/03/2026 1004 802.50
30/03/2026   421062 1070.00 30/03/2026 Books   Dewey Decimal Classification       VIVEKANANDA LIBRARY VIVEKANANDA LIBRARY 30/03/2026 1004 802.50
30/03/2026   421063 1070.00 30/03/2026 Books   Dewey Decimal Classification       VIVEKANANDA LIBRARY VIVEKANANDA LIBRARY 30/03/2026 1004 802.50
30/03/2026   421065 1070.00 30/03/2026 Books   Dewey Decimal Classification       VIVEKANANDA LIBRARY VIVEKANANDA LIBRARY 30/03/2026 1004 802.50
30/03/2026   421064 1070.00 30/03/2026 Books   Dewey Decimal Classification       VIVEKANANDA LIBRARY VIVEKANANDA LIBRARY 30/03/2026 1004 802.50
© Designed and Maintained by Vivekananda Library, MDU Rohtak